Faculty of Law Library — Cairo University

Official Online Catalog

Die Grossmächte vor und nach dem Weltkriege / (Record no. 45265)

MARC details
000 -LEADER
fixed length control field 01249nam a2200361 4500
003 - CONTROL NUMBER IDENTIFIER
control field EG-GICUC
005 - DATE AND TIME OF LATEST TRANSACTION
control field 20260121101330.0
008 - FIXED-LENGTH DATA ELEMENTS--GENERAL INFORMATION
fixed length control field 251122s1935 gw dob|fr|||| 00| 0 ger d
040 ## - CATALOGING SOURCE
Original cataloging agency EG-GiCUC
Language of cataloging ger
Transcribing agency EG-GiCUC
Modifying agency EG-GiCUC
Description conventions rda
041 ## - LANGUAGE CODE
Language code of text/sound track or separate title ger
082 04 - DEWEY DECIMAL CLASSIFICATION NUMBER
Edition number 21
Classification number 341.3
Item number H A . G
092 04 - LOCALLY ASSIGNED DEWEY CALL NUMBER (OCLC)
Edition number 21
099 ## - LOCAL FREE-TEXT CALL NUMBER (OCLC)
Classification number Law1 11 341.3 H A . G 25 ed -1935
100 1# - MAIN ENTRY--PERSONAL NAME
Personal name Kjellén, Rudolf
Relator term Author.
245 ## - TITLE STATEMENT
Title Die Grossmächte vor und nach dem Weltkriege /
Statement of responsibility, etc. Rudolf Kjellén.
250 ## - EDITION STATEMENT
Edition statement Fünfundzwanzigete Auflage der Grossmächte Rudolf Kjelléns,
Remainder of edition statement Vierte Auflage der Neubearbeitung.
264 ## - PRODUCTION, PUBLICATION, DISTRIBUTION, MANUFACTURE, AND COPYRIGHT NOTICE
Place of production, publication, distribution, manufacture Leipzig und Berlin :
Name of producer, publisher, distributor, manufacturer B. G. Teubner,
Date of production, publication, distribution, manufacture, or copyright notice 1935.
300 ## - PHYSICAL DESCRIPTION
Extent 351 pages ;
Other physical details Karten; Bilder; Diagramme;
Dimensions 24 cm.
336 ## - CONTENT TYPE
Source rda content
Content type term text
337 ## - MEDIA TYPE
Source rda media
Media type term Computer
338 ## - CARRIER TYPE
Source rda carrier
Carrier type term Online Resource
504 ## - BIBLIOGRAPHY, ETC. NOTE
Bibliography, etc. note Literatur" 341 -351
546 ## - LANGUAGE NOTE
Language note Text in German
650 1# - SUBJECT ADDED ENTRY--TOPICAL TERM
Topical term or geographic name entry element Internationale Beziehungen
Source of heading or term qrmak
651 1# - SUBJECT ADDED ENTRY--GEOGRAPHIC NAME
Source of heading or term qrmak
700 1# - ADDED ENTRY--PERSONAL NAME
Personal name Haushofer, Kar
Relator term editor.
700 1# - ADDED ENTRY--PERSONAL NAME
Personal name Obst, Erich
Relator term Contributor
700 1# - ADDED ENTRY--PERSONAL NAME
Personal name Maull, Otto
Relator term Contributor
700 1# - ADDED ENTRY--PERSONAL NAME
Personal name Hassinger, Hugo
Relator term Contributor
856 40 - ELECTRONIC LOCATION AND ACCESS
Uniform Resource Identifier <a href="https://fll.law.cu.edu.eg/fulltext/bks/B11-06114.pdf">https://fll.law.cu.edu.eg/fulltext/bks/B11-06114.pdf</a>
905 ## - Cataloger and Reviser Names
Cataloger Name: Rawan khaled
Revisor Name: Yara
942 ## - ADDED ENTRY ELEMENTS (KOHA)
Source of classification or shelving scheme Dewey Decimal Classification
Suppress in OPAC No
Koha item type Books
Edition 21
Holdings
Withdrawn status Lost status Source of classification or shelving scheme Damaged status Not for loan Collection Home library Current library Date acquired Total checkouts Full call number Barcode Date last seen Copy number Price effective from Koha item type
    Dewey Decimal Classification   Not for loan القانون الدولي العام جــــامعة القــاهرة مكتبة كلية الحقوق - المبنى الرئيسي 22.11.2025   Law1 11 341.3 H A . G 25 ed -1935 1106114 C1 B11-06114 22.11.2025 1 22.11.2025 Books

© All rights reserved — Faculty of Law, Cairo University